An introduction to urban housing design : at home in the city / (Record no. 5276)

MARC details
000 -LEADER
fixed length control field 00574nam a2200193 ar4500
001 - CONTROL NUMBER
control field 5279
005 - DATE AND TIME OF LATEST TRANSACTION
control field 20221127091124.0
008 - FIXED-LENGTH DATA ELEMENTS--GENERAL INFORMATION
fixed length control field 010821s ||| 00010|eng d
020 ## - INTERNATIONAL STANDARD BOOK NUMBER
International Standard Book Number 9781138137592 (hbk)
Terms of availability SR 480
082 04 - DEWEY DECIMAL CLASSIFICATION NUMBER
Classification number 728.0941 T706 2015
100 1# - MAIN ENTRY--PERSONAL NAME
Personal name Towers, Graham
245 13 - TITLE STATEMENT
Title An introduction to urban housing design : at home in the city /
Statement of responsibility, etc. Graham Towers
250 ## - EDITION STATEMENT
Edition statement 1st.ed.
260 ## - PUBLICATION, DISTRIBUTION, ETC.
Place of publication, distribution, etc. New York.U.S.A
Name of publisher, distributor, etc. Routledge
Date of publication, distribution, etc. 2015
300 ## - PHYSICAL DESCRIPTION
Extent 316 pgs.
Other physical details ill.col.
Dimensions 24.5 cm.
500 ## - GENERAL NOTE
General note include Index
650 #4 - SUBJECT ADDED ENTRY--TOPICAL TERM
Topical term or geographic name entry element Architecture, Domestic
700 0# - ADDED ENTRY--PERSONAL NAME
Personal name Towers, Graham
Holdings
Withdrawn status Lost status Source of classification or shelving scheme Damaged status Not for loan Home library Current library Date acquired Total Checkouts Full call number Barcode Date last seen Copy number Price effective from Koha item type
              11/27/2022   728.0941 T706 2015 1000000016085 11/27/2022 C2 11/27/2022 Book
          CENTRAL CENTRAL 11/27/2022   728.0941 T706 2015 1000000015326 11/27/2022 C1 11/27/2022 Book